LEADER 01471nam--2200397---450- 001 990002447830203316 005 20050630160023.0 010 $a981-02-4319-7 035 $a000244783 035 $aUSA01000244783 035 $a(ALEPH)000244783USA01 035 $a000244783 100 $a20050630d2001----km-y0itay0103----ba 101 $aeng 102 $aSG 105 $aa|||||||001yy 200 1 $aSuperconducting materials for high energy colliders$eproceedings of the 38th workshop of the INFN eloisatron project, Erice, Italy, 19-25 October 1999$feditors L. Cifarelli and L. Maritato 210 $aSingapore [etc.]$cWorld Scientific$dc2001 215 $aXIII, 212 p.$cill.$d22 cm 225 2 $a<> science and culture series$iPhysics$v20 300 $aSul front.: In memory of T. Ypsilantis 410 0$12001$a<> science and culture series$iPhysics$v20 600 1 $aYpsilantis,$bThomas 606 0 $aSuperconduttori 676 $a621.35 702 1$aCIFARELLI,$bLuisa 702 1$aMARITATO,$bLuigi 712 12$aWorkshop of the INFN eloisatron project on superconducting materials for high energy colliders$d<38. ;$fErice, Italy ;$e1999> 801 0$aIT$bsalbc$gISBD 912 $a990002447830203316 951 $a621.35 WOR$b18899 ING.$c621.35 WOR$d00128737 959 $aBK 969 $aTEC 979 $aMARIASEN$b90$c20050630$lUSA01$h1600 996 $aSuperconducting materials for high energy colliders$91057739 997 $aUNISA LEADER 00988nam0-22003371i-450- 001 990006888000403321 005 20001010 010 $a88-464-0407-6 035 $a000688800 035 $aFED01000688800 035 $a(Aleph)000688800FED01 035 $a000688800 100 $a20001010d--------km-y0itay50------ba 101 0 $aita 105 $ay-------001yy 200 1 $a<>GUERRA e il militare nel nuovo sistema internazionale$fA cura di James Burk. 210 $aMilano$cF. Angeli$dc 1998. 215 $a238 p.$d22 cm 225 1 $aCollana di sociologia militare$v8 610 0 $aGuerra e pace 610 0 $aPaesi occidentali - Politica militare - 1990-1998 676 $a327.1 702 1$aBurk,$bJames 801 0$aIT$bUNINA$gRICA$2UNIMARC 901 $aBK 912 $a990006888000403321 952 $aCOLLEZ. 1866 (8)$b34197$fFSPBC 959 $aFSPBC 996 $aGuerra e il militare nel nuovo sistema internazionale$9512865 997 $aUNINA DB $aGEN01 LEADER 00442cac0 22001811 450 001 LAEC00024182 005 20110502120134.0 100 $a20110502f0000 |||||ita|0103 ba 102 $aSP 110 $ab 200 1 $aThema 801 0$aIT$bUNISOB$c20110502$gRICA 912 $aLAEC00024182 940 $aC 121 Collana SBN 941 $aC 996 $aTHEMA$9620891 997 $aUNISOB 998 \\$1001E600200031559$12001 $aLecturas de Cervantes